All-NBA Second Team Players - Statistics

General Stats
  • This quiz has been taken 495 times
    271 since last reset
  • The average score is 52 of 89
Answer Stats
Answer % Correct
LeBron James
96%
Stephen Curry
94%
Shaquille O'Neal
91%
Kevin Durant
90%
Nikola Jokić
90%
Kobe Bryant
89%
Russell Westbrook
86%
Joel Embiid
84%
Kawhi Leonard
84%
Anthony Davis
83%
Chris Paul
83%
Dwyane Wade
83%
Giannis Antetokounmpo
82%
Tim Duncan
82%
Kevin Garnett
81%
Steve Nash
81%
Scottie Pippen
79%
Kevin Johnson
77%
Larry Johnson
76%
Allen Iverson
75%
Dirk Nowitzki
75%
Draymond Green
75%
Jason Kidd
75%
Kyrie Irving
75%
David Robinson
74%
Paul Pierce
74%
Jermaine O'Neal
73%
Ray Allen
73%
Damian Lillard
72%
Isaiah Thomas
72%
Isiah Thomas
72%
Karl Malone
72%
Larry Bird
72%
Moses Malone
72%
Hakeem Olajuwon
71%
Chris Bosh
70%
Dwight Howard
69%
Jaylen Brown
69%
Charles Barkley
68%
Jalen Brunson
68%
John Stockton
68%
Marc Gasol
68%
Pau Gasol
68%
Tony Parker
67%
Carmelo Anthony
65%
Tracy McGrady
65%
Donovan Mitchell
64%
Deron Williams
63%
Patrick Ewing
63%
Anthony Edwards
62%
Jimmy Butler
59%
Tim Hardaway
59%
Gary Payton
58%
Vince Carter
58%
Amar'e Stoudemire
57%
Blake Griffin
56%
Rudy Gobert
56%
Clyde Drexler
55%
Kevin Love
55%
DeMar DeRozan
54%
Ben Wallace
53%
Alonzo Mourning
52%
Ja Morant
48%
Chauncey Billups
46%
Yao Ming
46%
Shawn Kemp
41%
Chris Webber
40%
DeMarcus Cousins
38%
Grant Hill
38%
Joe Dumars
38%
Pascal Siakam
38%
Chris Mullin
37%
Dikembe Mutombo
36%
Dominique Wilkins
35%
Julius Randle
33%
LaMarcus Aldridge
30%
Evan Mobley
27%
Gilbert Arenas
25%
Peja Stojaković
25%
Glen Rice
22%
Andrew Bynum
21%
Mitch Richmond
19%
Elton Brand
17%
Brandon Roy
15%
Tom Chambers
11%
Sam Cassell
10%
Vin Baker
7%
Rod Strickland
6%
Fat Lever
4%
No matching quizzes found
Score Distribution
Percent of People with Each Score
Percentile by Number Answered
Your Score History
You have not taken this quiz since the last reset